000 00603nam a2200193 a 4500
001 000027352
003 DO-SdBNP
005 20250714115213.0
008 110331s2006 dr ac 000 0 spa d
020 _a999343096x
040 _aDO-SdBNP
_bspa
_cBNPHU
049 _aBNPD
245 0 0 _aRepública Dominicana en imágenes /
_cPablo A. Mariñez.
260 _aSanto Domingo :
_bBanco Central,
_c2006.
300 _a185 P. :
_bil., retrs. ;
_c22 cm.
710 2 _aBanco Central de la República Dominicana
_983405
710 1 _aEmbajada de la República Dominicana en México
_954434
942 _2ddc
_cLBS1
999 _c26844
_d26844